[Event "Mumbai One Wealth op 04"]
[Site "Mumbai"]
[Date "2024.03.14"]
[Round "4"]
[White "Mukul, Samir Rane"]
[Black "Nirvaan, Nirav Shah"]
[Result "0-1"]
[WhiteElo "1506"]
[BlackElo "1625"]
[PlyCount "86"]
[EventDate "2024.03.11"]
[EventType "swiss"]
[EventRounds "7"]
[EventCountry "IND"]
[SourceTitle "EXT 2025"]
[Source "ChessBase"]
[SourceDate "2024.10.14"]
[SourceVersion "1"]
[SourceVersionDate "2024.10.14"]
[SourceQuality "1"]

1. e4 c5 2. Nc3 a6 3. f4 b5 4. a3 Bb7 5. Nf3 e6 6. d3 d6 7. Be3 Nf6 8. Ne2 Be7 9. Ng3 Nbd7 10. Be2 Rc8 11. Rc1 Nb6 12. 0-0 0-0 13. Qd2 Ng4 14. Bf2 Nxf2 15. Rxf2 Bf6 16. e5 dxe5 17. fxe5 Be7 18. Rff1 Bxf3 19. gxf3 Qd4+ 20. Kg2 Nd5 21. Rf2 Qxe5 22. c3 Bg5 23. Qe1 Bxc1 24. Qxc1 Nf4+ 25. Kh1 Nxe2 26. Rxe2 Qd5 27. Qe3 Rfd8 28. Rd2 c4 29. d4 Re8 30. Ne4 f5 31. Nc5 e5 32. Qf2 Rc6 33. Qe3 f4 34. Qf2 exd4 35. Rxd4 Qxc5 36. Qd2 Rce6 37. Re4 Rxe4 38. fxe4 Qe3 39. Qd5+ Kh8 40. Qh5 Qxe4+ 41. Kg1 Qe1+ 42. Kg2 f3+ 43. Kxf3 Qe2+ 0-1